Polymer Data Handbook / (Record no. 609143)

000 -LEADER
fixed length control field 00309nam a22001217a 4500
020 ## - INTERNATIONAL STANDARD BOOK NUMBER
International Standard Book Number 978-0195107890
040 ## - CATALOGING SOURCE
Transcribing agency SCME
100 ## - MAIN ENTRY--PERSONAL NAME
Personal name Edited by James E. Mark
9 (RLIN) 127624
245 ## - TITLE STATEMENT
Title Polymer Data Handbook /
Statement of responsibility, etc. James E. Mark
260 ## - PUBLICATION, DISTRIBUTION, ETC.
Place of publication, distribution, etc. New York
Name of publisher, distributor, etc. Oxford University
Date of publication, distribution, etc. 1999
300 ## - PHYSICAL DESCRIPTION
Extent 960p.
942 ## - ADDED ENTRY ELEMENTS (KOHA)
Source of classification or shelving scheme
Koha item type Book
Holdings
Withdrawn status Lost status Source of classification or shelving scheme Damaged status Not for loan Permanent Location Current Location Date acquired Total Checkouts Full call number Barcode Date last seen Price effective from Koha item type
          School of Chemical & Materials Engineering (SCME) School of Chemical & Materials Engineering (SCME) 05/16/2024   660.03 P7621P SCME-1137 05/16/2024 05/16/2024 Book
© 2023 Central Library, National University of Sciences and Technology. All Rights Reserved.